El guardián de los secretos /
Guardado en:
| 主要作者: | |
|---|---|
| 格式: | 图书 |
| 语言: | 西班牙语 |
| 出版: |
Barcelona, España :
Egales,
2016, c2016
|
| 版: | 4a edición |
| 丛编: | (Narrativa Egales ;
229) |
| 主题: | |
| 标签: |
没有标签, 成为第一个标记此记录!
|
MARC
| LEADER | 00000nam^a2200000^a^4500 | ||
|---|---|---|---|
| 001 | 000404788 | ||
| 005 | 20250521000000.0 | ||
| 009 | 20260310121814.249 | ||
| 020 | |a 978-84-16491-54-4 | ||
| 037 | |a Acervo ITESO - Biblioteca | ||
| 041 | |a ESP | ||
| 082 | |a 863. |b HER | ||
| 100 | |a Hernández Campano, Oscar |e (autor) | ||
| 245 | 1 | 3 | |a El guardián de los secretos / |c O. Hernández Campano. |
| 250 | |a 4a edición | ||
| 264 | 4 | |a Barcelona, España : |b Egales, |c 2016, c2016 | |
| 300 | |a 426 p. | ||
| 336 | |a texto |b txt |2 rdacontenido | ||
| 337 | |a sin mediación |b n |2 rdamedio | ||
| 338 | |a volumen |b nc |2 rdasoporte | ||
| 440 | 1 | |a (Narrativa Egales ; |v 229) | |
| 545 | 0 | |a Oscar Hernández Campano (San Sebastián, 1976), narrador de origen vasco, considerado una de las voces renovadoras de la literatura gay en lengua española del siglo XXI. Publica La aventura más excitante de los últimos diez años (1992) en su adolescencia. Alcanza un gran éxito con El viaje de Marcos (2002), galardonada ese mismo año con el Premio Odisea, y refrenda con El guardián de los secretos (2016) su interés en la recreación novelística de la experiencia homoerótica en algunas de las etapas más duras de la historia española moderna, como son respectivamente la dictadura franquista y la Guerra Civil. Autor de Esclavos del destino (2004), forma parte de Lo que no se dice (2014), antología de cuentos gay, junto a escritores consolidados como Luis Antonio de Villena y Eduardo Mendicutti. Cinéfilo declarado, compagina la creación literaria con tareas de difusión fílmica, como organizador de un cineclub de clásicos y presentador de un programa radiofónico sobre el séptimo arte. | |
| 649 | |a XX | ||
| 650 | |a Escritores en la Literatura | ||
| 650 | |a Homosexuales - |z España - |x Historia - |y Guerra Civil, 1936-1939 - |x Tema Principal | ||
| 650 | |a Homosexuales - |z España - |x Historia - |y República, 1931-1939 | ||
| 650 | |a Homosexuales - |z España - |x Historia - |x Siglo XX | ||
| 650 | |a Novela Española | ||
| 650 | |a Literatura Gay y Lésbica - |z España | ||
| 650 | |a Literatura Española - |y Siglo XXI | ||
| 650 | |a Secretos Personales | ||
| 650 | |a Homosexualidad - |z España - |x Historia - |y Guerra Civil, 1936-1939 - |x Tema Principal | ||
| 650 | |a Homosexualidad - |z España - |x Historia - |y República, 1931-1939 | ||
| 650 | |a Homosexualidad - |z España - |x Historia - |y Siglo XX | ||
| 650 | |a Homofobia - |z España - |x Historia - |y Guerra Civil, 1936-1939 - |x Tema Principal | ||
| 650 | |a Homofobia - |z España - |x Historia - |y República, 1931-1939 | ||
| 650 | |a Homofobia - |z España - |x Historia - |y Siglo XX | ||
| 910 | |a Fondo General | ||
| 920 | |a Impresos - Libros | ||
| 930 | |a Colección General | ||
| 940 | |a Literatura | ||
| 905 | |a 101 | ||
| 901 | |a 0500300124 |b IT1 |c LIT |i C159081 |u 20250521 | ||
| 902 | |a https://opac.biblio.iteso.mx/vufind/Record/000404788 | ||